000
00280nam a22001097a 4500
040
_c
RUA
082
_a
FAO FFP 2011 C011 Or.
245
_a
Promoting improved Complementary Feeding(with recipes).
260
_a
phnom penh
_b
rua
_c
2011
300
_a
ii.47p.
_b
ill.
_c
29cm.
942
_c
REC
999
_c
22156
_d
22156